Best Selling Videogame By Year in Japan - Statistics

General Stats
  • This quiz has been taken 26 times
    5 since last reset
  • The average score is 19 of 43
Answer Stats
Year Answer Units Sold Console % Correct
1986 スーパーマリオブラザーズ2 / Super Mario Bros. 2 (The Lost Levels) 2.65m ファミコン ディスクシステム / Famicom Disk System
100%
1992 スーパーマリオカート / Super Mario Kart 3.82m スーパーファミコン / Super Famicom
100%
1985 スーパーマリオブラザーズ / Super Mario Bros. 6.81m ファミコン / Famicom
100%
1997 ファイナルファンタジーVII / Final Fantasy VII 4.07m プレイステーション / PlayStation
100%
2001 ファイナルファンタジーX / Final Fantasy X 3.2m プレイステーション 2 / PlayStation 2
100%
2010 ポケットモンスター ブラック / ポケットモンスター ホワイト / Pokemon Black / Pokemon White 5.54m ニンテンドーDS / Nintendo DS
67%
2002 ポケットモンスター ルビー / ポケットモンスター サファイア / Pokemon Ruby / Pokemon Sapphire 5.44m ゲームボーイアドバンス / Gameboy Advance
67%
2019 ポケットモンスター ソード / ポケットモンスター シールド / Pokemon Sword / Pokemon Shield 5.64m ニンテンドースイッチ / Nintendo Switch
67%
2023 ゼルダの伝説 ティアーズ オブ ザ キングダム / Legend of Zelda: Tears of the Kingdom 3.71m ニンテンドースイッチ / Nintendo Switch
67%
1996 ポケットモンスター 赤 / ポケットモンスター 緑 / Pokemon: Red / Pokemon: Green 8.22m ゲームボーイ / Gameboy
67%
1999 ポケットモンスター 銀 / ポケットモンスター 金 / Pokemon Silver / Pokemon Gold 7.3m ゲームボーイ・カラーと / Gameboy Color
67%
1987 ドラゴンクエストII 悪霊の神々 / Dragon Quest II: Demon Gods 2.41m ファミコン / Famicom
67%
1991 ファイナルファンタジーIV / Final Fantasy IV 1.44m スーパーファミコン / Super Famicom
67%
2025 マリオカートワールド / Mario Kart World 2.26m ニンテンドースイッチ 2 /Nintendo Switch 2
67%
2006 New スーパーマリオブラザーズ / New Super Mario Bros. 6.49m ニンテンドーDS / Nintendo DS
67%
2009 New スーパーマリオブラザーズ Wii / New Super Mario Bros. Wii 4.67m Wii
67%
1995 ドラゴンクエストVI 幻の大地 / Dragon Quest VI: Phantom Earth 3.2m スーパーファミコン / Super Famicom
67%
2000 ドラゴンクエストVII エデンの戦士たち / Dragon Quest VII: Warriors of Eden 4.17m プレイステーション / PlayStation
67%
2004 ドラゴンクエストVIII 空と海と大地と呪われし姫君 / Dragon Quest VIII: The sky, the Sea, the Earth, and the Cursed Princess 3.8m プレイステーション 2 / PlayStation 2
67%
1989 テトリス / Tetris 4.24m ゲームボーイ / Gameboy
67%
2011 マリオカート7 / Mario Kart 7 3.08m ニンテンドー3DS / Nintendo 3DS
33%
1983 ベースボール / Baseball 2.35m ファミコン / Famicom
33%
2008 モンスターハンター ポータブル 2nd G / Monster Hunter Portable 2nd G 4.18m プレイステーション ポータブル / PlayStation Portable
33%
1988 スーパーマリオブラザーズ3 / Super Mario Bros. 3 3.84m ファミコン / Famicom
33%
2017 マリオカート8 デラックス / Mario Kart 8 Deluxe 8.11m ニンテンドースイッチ / Nintendo Switch
33%
2020 あつまれ どうぶつの森 / Animal Crossing: Get Together 11.41m ニンテンドースイッチ / Nintendo Switch
33%
2022 ポケットモンスター スカーレット / ポケットモンスター バイオレット / Pokemon Scarlet / Pokemon Violet 8.19m ニンテンドースイッチ / Nintendo Switch
33%
2016 ポケットモンスター サン / ポケットモンスター ムーン / Pokemon Sun / Pokemon Moon 3.94m ニンテンドー3DS / Nintendo 3DS
33%
2024 スーパー マリオパーティ ジャンボリー / Super Mario Party Jamboree 954k ニンテンドースイッチ / Nintendo Switch
33%
1990 スーパーマリオワールド / Super Mario World 3.55m スーパーファミコン / Super Famicom
33%
2018 大乱闘スマッシュブラザーズ SPECIAL / Super Smash Bros. SPECIAL 7.57m ニンテンドースイッチ / Nintendo Switch
33%
2013 ポケットモンスター X / ポケットモンスター Y / Pokemon X / Pokemon Y 4.57m ニンテンドー3DS / Nintendo 3DS
33%
1984 ゴルフ / Golf 2.46m ファミコン / Famicom
33%
2014 妖怪ウォッチ2 元祖 / 妖怪ウォッチ2 本家 / Yo Kai Watch 2 Ganso / Yo Kai Watch 2 Honke 3.21m ニンテンドー3DS / Nintendo 3DS
0%
2005 おいでよ どうぶつの森 / Come Here, Animal Crossing 5.35m ニンテンドーDS / Nintendo DS
0%
2012 とびだせ どうぶつの森 / Animal Crossing: Jump Out! 5.95m ニンテンドー3DS / Nintendo 3DS
0%
2021 ポケットモンスター ブリリアント ダイヤモンド / ポケットモンスター シャイニング パール / Pokemon Brilliant Diamond / Pokemon Shining Pearl 3.85m ニンテンドースイッチ / Nintendo Switch
0%
2015 モンスターハンタークロス / Monster Hunter Cross 3.2m ニンテンドー3DS / Nintendo 3DS
0%
1998 ポケットモンスター ピカチュウ / Pokemon Pikachu (Pokemon Yellow) 3.16m ゲームボーイ / Gameboy
0%
1994 スーパードンキーコング / Super Donkey Kong (Donkey Kong Country) 3m スーパーファミコン / Super Famicom
0%
1993 ストリートファイターII ターボ / Street Fighter II Turbo 2.1m スーパーファミコン / Super Famicom
0%
2007 ウィー・フィット / Wii Fit 3.6m Wii
0%
2003 ファイナルファンタジーX-2 / Final Fantasy X-2 2.41m プレイステーション 2 / PlayStation 2
0%
No matching quizzes found
Score Distribution
Percent of People with Each Score
Percentile by Number Answered
Your Score History
You have not taken this quiz since the last reset